KOHA-Header-6

Banks and Executive Leadership (Record no. 12904)

000 -LEADER
fixed length control field 00286nam a22001217a 4500
082 ## - DEWEY DECIMAL CLASSIFICATION NUMBER
Classification number 658.4
100 ## - MAIN ENTRY--AUTHOR NAME
Personal name Kazi, Fazul Suleiman
245 ## - TITLE STATEMENT
Title Banks and Executive Leadership
250 ## - EDITION STATEMENT
Edition statement 1st edition
260 ## - PUBLICATION, DISTRIBUTION, ETC. (IMPRINT)
Place of publication Pakistan
Name of publisher Royal Book Company
Year of publication 2018
300 ## - PHYSICAL DESCRIPTION
Number of Pages 143 pages.
942 ## - ADDED ENTRY ELEMENTS (KOHA)
Koha item type Books
Holdings
Withdrawn status Lost status Collection code Permanent Location Current Location Shelving location Date acquired Full call number Accession Number Koha item type
    Banking MAJU MAJU Shelf No.A45 2020-12-30 658.4 10032 Banking

Powered by Koha